000 00360nam a22001451 4500
020 _a12852060868
040 _cNLM
082 _a575 LIN 1981 C260 Or.
100 _afrederic lints
245 1 0 _agenetique
300 _a126 pages :
_billustrations
490 1 _a"Que sais-je?" Le point des connaissances actuelles ;
650 2 _aGenetics.
942 _cAEDBB
999 _c22326
_d22326